000 00650nam a2200229 i 4500
001 78534
003 ES-MaACL
005 20230906173734.0
007 t|
008 041014s1972 fr ||||1| fre d
100 1 _aHalbwachs, Maurice.
_961521
245 1 0 _aClasses sociales et morphologie /
_cMaurice Halbwachs ; présentation de Victor Karady.
260 _aParis :
_bMinuit,
_c1972.
300 _a461 p. ;
_c22 cm.
490 1 _aLe sens commun
500 _aIndices.
504 _aBibliografía.
700 1 _aKarady, Victor.
_967544
830 0 _aLe sens commun
_9177400
852 _aES-MaACL
_jL-11544
_bR.113344
999 _c78534
_d78534